000 00249nam a2200097Ia 4500
001 639977
005 20250826153438.0
008 250824s9999 xx 000 0 und d
245 0 _aNE YAPSA YERİDİR/B CLARK/ARTEMİS
_cBRIDIE CLARK
260 _bARTEMİS
999 _c639977
_d639977